| 000 | 00394nam a2200133Ia 4500 | ||
|---|---|---|---|
| 008 | 170221s9999 xx 000 0 und d | ||
| 100 | _aCiorstan Smark | ||
| 245 | _aEditorial Volume 7 Issue 1 | ||
| 245 | _cCiorstan Smark, Greg Laing, and Ron Perrin | ||
| 260 | _c2014 | ||
| 300 | _a13 : | ||
| 650 | _xBusiness | ||
| 856 | _uhttp://ro.uow.edu.au/cgi/viewcontent.cgi?article=1421&context=aabfj | ||
| 999 |
_c313279 _d313279 |
||